[Event "Aragon-chT Preferente A"]
[Site "Aragon"]
[Date "2015.02.21"]
[Round "5.47"]
[White "Calvo Mayayo, Jose Maria"]
[Black "Lanaspa Ballesteros, Federico"]
[Result "1-0"]
[WhiteElo "1925"]
[BlackElo "1611"]
[PlyCount "101"]
[EventDate "2015.01.24"]
[EventType "team-tourn"]
[EventRounds "11"]
[EventCountry "ESP"]
[SourceTitle "EXT 2017"]
[Source "ChessBase"]
[SourceDate "2016.10.25"]
[SourceVersion "1"]
[SourceVersionDate "2016.10.25"]
[SourceQuality "1"]
[WhiteTeam "St Casablanca III"]
[BlackTeam "Aragon ONCE II"]
[WhiteTeamCountry "ESP"]
[BlackTeamCountry "ESP"]

1. c4 e5 2. Nc3 Nc6 3. g3 f5 4. Bg2 Nf6 5. d3 g6 6. Nf3 Bg7 7. 0-0 0-0 8. e3 d6 9. Rb1 Ne7 10. Nd2 g5 11. f4 Ng4 12. Nf3 exf4 13. exf4 gxf4 14. Bxf4 Ng6 15. Bg5 Qe8 16. Re1 Qf7 17. h3 Nf6 18. Qd2 Kh8 19. Bxf6 Bxf6 20. Nd5 c6 21. Nxf6 Qxf6 22. d4 f4 23. g4 Bd7 24. Re2 Rae8 25. Rbe1 Rxe2 26. Rxe2 Re8 27. Rxe8+ Bxe8 28. Qe2 Bf7 29. b3 Nh4 30. Qf2 Nxg2 31. Kxg2 d5 32. Ne5 dxc4 33. bxc4 c5 34. Nxf7+ Qxf7 35. d5 b6 36. Qd2 h5 37. Kf3 Qf6 38. d6 hxg4+ 39. hxg4 Kg8 40. Qd5+ Kg7 41. d7 Qd8 42. a4 Kf8 43. Qb7 Ke7 44. Qxa7 Kd6 45. Qb7 Qe7 46. Qd5+ Kc7 47. d8Q+ Qxd8 48. Qxd8+ Kxd8 49. Kxf4 Ke8 50. Ke5 Ke7 51. Kd5 1-0

[Event "Aragon-chT Preferente B"]
[Site "Aragon"]
[Date "2014.02.22"]
[Round "5.64"]
[White "Calvo Mayayo, Jose Maria"]
[Black "Constin Balesescu, Ion"]
[Result "1-0"]
[WhiteElo "1931"]
[BlackElo "1781"]
[PlyCount "63"]
[EventDate "2014.01.25"]
[EventType "team-tourn"]
[EventRounds "9"]
[EventCountry "ESP"]
[SourceTitle "EXT 2015"]
[Source "ChessBase"]
[SourceDate "2014.11.20"]
[SourceVersion "1"]
[SourceVersionDate "2014.11.20"]
[SourceQuality "1"]
[WhiteTeam "St Casablanca III"]
[BlackTeam "Tauste II"]
[WhiteTeamCountry "ESP"]
[BlackTeamCountry "ESP"]

1. c4 e5 2. g3 Bc5 3. Bg2 Nf6 4. e3 Nc6 5. a3 a5 6. Ne2 d5 7. cxd5 Nxd5 8. Qc2 Qd6 9. Nbc3 Nxc3 10. Nxc3 Bb6 11. 0-0 Bd7 12. Nd5 Bc5 13. Nxc7+ Qxc7 14. Qxc5 b6 15. Qc3 Rc8 16. d4 exd4 17. exd4 Qd6 18. Re1+ Ne7 19. Bf4 Qf6 20. Qe3 h6 21. d5 Kf8 22. Be5 Qg6 23. Bxg7+ Kxg7 24. Qxe7 Rcd8 25. Qe5+ Kg8 26. Rac1 Qf5 27. Qxf5 Bxf5 28. Rc6 Rb8 29. Re5 Bd7 30. Rc7 Be8 31. d6 Rd8 32. d7 1-0

[Event "Aragon-chT Preferente B"]
[Site "Aragon"]
[Date "2014.02.15"]
[Round "4.68"]
[White "Esteban Marin, Francisco"]
[Black "Calvo Mayayo, Jose Maria"]
[Result "0-1"]
[WhiteElo "1614"]
[BlackElo "1931"]
[PlyCount "66"]
[EventDate "2014.01.25"]
[EventType "team-tourn"]
[EventRounds "9"]
[EventCountry "ESP"]
[SourceTitle "EXT 2015"]
[Source "ChessBase"]
[SourceDate "2014.11.20"]
[SourceVersion "1"]
[SourceVersionDate "2014.11.20"]
[SourceQuality "1"]
[WhiteTeam "Calatayud"]
[BlackTeam "St Casablanca III"]
[WhiteTeamCountry "ESP"]
[BlackTeamCountry "ESP"]

1. e4 c5 2. Nf3 g6 3. Bc4 e6 4. 0-0 Bg7 5. Nc3 Nc6 6. d3 Nge7 7. a3 0-0 8. Bd2 d5 9. exd5 exd5 10. Ba2 a6 11. h3 h6 12. Qc1 Kh7 13. Ne2 Nf5 14. Bc3 Nfd4 15. Nfxd4 Nxd4 16. Nxd4 cxd4 17. Bb4 Re8 18. Qf4 Be6 19. Bd2 Rc8 20. Bb3 g5 21. Qf3 f5 22. Rae1 Qd7 23. Qd1 b5 24. f4 g4 25. h4 g3 26. Qf3 Bf6 27. Qxg3 Rg8 28. Qf3 Bxh4 29. Re2 Rg3 30. Qh5 Rg4 31. Re5 Rcg8 32. Rf3 Rxg2+ 33. Kh1 Qg7 0-1

[Event "Aragon-chT Preferente B"]
[Site "Aragon"]
[Date "2012.03.17"]
[Round "7.70"]
[White "De la Riva Fernandez, Eduardo"]
[Black "Calvo Mayayo, Jose Maria"]
[Result "1-0"]
[WhiteElo "1985"]
[BlackElo "1931"]
[PlyCount "95"]
[EventDate "2012.02.04"]
[EventType "team"]
[EventRounds "9"]
[EventCountry "ESP"]
[SourceTitle "EXT 2014"]
[Source "ChessBase"]
[SourceDate "2013.11.20"]
[SourceVersion "1"]
[SourceVersionDate "2013.11.20"]
[SourceQuality "1"]
[WhiteTeam "Olivar III"]
[BlackTeam "St Casablanca IV"]
[WhiteTeamCountry "ESP"]
[BlackTeamCountry "ESP"]

1. e4 c5 2. Nf3 d6 3. d4 cxd4 4. Nxd4 Nf6 5. Nc3 a6 6. Be2 e5 7. Nb3 Be6 8. Bg5 Nbd7 9. a4 Rc8 10. 0-0 Be7 11. f4 0-0 12. a5 h6 13. Bxf6 Nxf6 14. Nd2 Qc7 15. f5 Qc5+ 16. Kh1 Bd7 17. Bc4 Bb5 18. b3 Qb4 19. Rf3 Rc7 20. Nd5 Nxd5 21. Bxd5 Bg5 22. Nc4 Bxc4 23. bxc4 Rb8 24. Rb3 Qc5 25. Rb6 Bd8 26. Qb1 Qd4 27. Rxd6 Qc3 28. Qe1 Qxe1+ 29. Rxe1 Re7 30. Rb1 Bc7 31. Rg6 Kh7 32. Rg3 Bxa5 33. Rgb3 Bd8 34. c5 Rc8 35. c4 Rxc5 36. Rxb7 Rxb7 37. Rxb7 f6 38. h4 Ba5 39. Ra7 Bc3 40. Rxa6 h5 41. Ra7 Be1 42. Kh2 Bxh4 43. g3 Bg5 44. Bf7 Be3 45. Kh3 Rxc4 46. Bg6+ Kh6 47. Ra8 Kg5 48. Rh8 1-0

[Event "Zaragoza Casablanca op 5th"]
[Site "Zaragoza"]
[Date "2011.12.24"]
[Round "2"]
[White "Garza Marco, Sergio"]
[Black "Calvo Mayayo, Jose Maria"]
[Result "1-0"]
[WhiteElo "2394"]
[BlackElo "1932"]
[PlyCount "77"]
[EventDate "2011.12.23"]
[EventType "swiss"]
[EventRounds "9"]
[EventCountry "ESP"]
[SourceTitle "CBM 146 Extra"]
[Source "ChessBase"]
[SourceDate "2012.02.29"]
[SourceVersion "1"]
[SourceVersionDate "2012.02.29"]
[SourceQuality "1"]

1. d4 d5 2. c4 c6 3. Nf3 Nf6 4. Nc3 e6 5. g3 Nbd7 6. Bg2 Bd6 7. 0-0 0-0 8. Qd3 dxc4 9. Qxc4 e5 10. Rd1 Qe7 11. dxe5 Nxe5 12. Nxe5 Bxe5 13. Be3 Be6 14. Qc5 Qxc5 15. Bxc5 Rfe8 16. e4 Bc7 17. h3 Nd7 18. Be3 Nb6 19. b3 Rad8 20. f4 f6 21. Kf2 Kf7 22. Bf1 g6 23. g4 Bc8 24. Rdc1 Rd7 25. Be2 Kg7 26. h4 h6 27. b4 a6 28. a4 Na8 29. b5 Ba5 30. Kf3 Red8 31. bxc6 bxc6 32. Rab1 Rb7 33. Nd1 Rxb1 34. Rxb1 Nc7 35. Rc1 Bb7 36. f5 g5 37. Nb2 Ne8 38. Nd3 Nd6 39. Nc5 1-0

[Event "Aragon-chT"]
[Site "Aragon"]
[Date "2008.02.02"]
[Round "1"]
[White "Hernando Garcia, Antonio"]
[Black "Calvo Mayayo, Jose Maria"]
[Result "1-0"]
[WhiteElo "2212"]
[BlackElo "1945"]
[PlyCount "77"]
[EventDate "2008.02.02"]
[EventType "team-swiss"]
[EventRounds "12"]
[EventCountry "ESP"]
[SourceTitle "EXT 2011"]
[Source "ChessBase"]
[SourceDate "2010.11.26"]
[SourceVersion "1"]
[SourceVersionDate "2010.11.26"]
[SourceQuality "1"]

1. Nf3 Nf6 2. c4 c5 3. Nc3 Nc6 4. g3 g6 5. Bg2 Bg7 6. 0-0 0-0 7. a3 a6 8. Rb1 Rb8 9. b4 cxb4 10. axb4 b5 11. cxb5 axb5 12. d4 d5 13. Ne5 Na7 14. Ra1 Qb6 15. Bg5 e6 16. e3 Nc6 17. Bxf6 Bxf6 18. Nd3 Rd8 19. Qb3 Bb7 20. Ra3 Ra8 21. Rfa1 Be7 22. Rxa8 Rxa8 23. Rxa8+ Bxa8 24. Bf1 Na7 25. Nc5 Bc6 26. Be2 Nc8 27. Bf3 Nd6 28. Qa2 Kg7 29. Nb1 Nc4 30. Nd2 Nxd2 31. Qxd2 Qa7 32. Qc3 Qa8 33. Nd3 Bd6 34. Ne5 Be8 35. h4 h5 36. Be2 Qb7 37. Nd3 Qa8 38. Nc5 Qa7 39. Bd3 1-0

[Event "Aragon-chT Autonomico"]
[Site "Aragon"]
[Date "2007.04.28"]
[Round "12"]
[White "Calvo Mayayo, Jose Maria"]
[Black "Dominguez Castillo, Alejandro"]
[Result "1/2-1/2"]
[WhiteElo "2019"]
[BlackElo "1794"]
[PlyCount "77"]
[EventDate "2007.01.27"]
[EventType "team-tourn"]
[EventRounds "9"]
[EventCountry "ESP"]
[SourceTitle "EXT 2008"]
[Source "ChessBase"]
[SourceDate "2007.11.25"]
[SourceVersion "1"]
[SourceVersionDate "2007.11.25"]
[SourceQuality "1"]
[WhiteTeam "St Casablanca VI"]
[BlackTeam "CAI Olivar IV"]
[WhiteTeamCountry "ESP"]
[BlackTeamCountry "ESP"]

1. c4 c5 2. Nc3 Nc6 3. g3 Nf6 4. Bg2 g6 5. e3 Bg7 6. Nge2 d6 7. 0-0 Be6 8. Nd5 Qd7 9. d4 Bg4 10. f3 Bh3 11. Bxh3 Qxh3 12. Nc7+ Kf8 13. Nxa8 Qc8 14. a3 Qxa8 15. Rb1 Qc8 16. b4 cxb4 17. axb4 h5 18. Nf4 Nd8 19. c5 d5 20. h4 Qf5 21. Qd3 Qd7 22. Kg2 Bh6 23. b5 g5 24. hxg5 Bxg5 25. Rh1 Ne6 26. Nxe6+ Qxe6 27. Bd2 Rg8 28. Rh3 h4 29. Rbh1 Nh5 30. g4 Ng3 31. Ra1 f5 32. Rxa7 fxg4 33. fxg4 Qxg4 34. Ra8+ Kf7 35. Rxg8 Ne4+ 36. Kh2 Kxg8 37. c6 bxc6 38. bxc6 Kg7 39. Be1 1/2-1/2